01021cam a22002651 450000100060000000300080000600500170001400800410003103500190007203500180009104000430010904100080015208200250016010000340018524500920021926000420031130000260035350400400037960000440041960000630046365100620052694200120058899900170060095201380061724699BD-RjUL20211209001103.0140315s1966 enk b 001 0 eng d a(BD-RjUL)24768 a(OCoLC)512183 aDLCcOMCdOCoLCdUkdDLCdBD-RjULbeng aeng00a942.050924bSLP 19661 aSlavin, Arthur Joseph.97602410aPolitics and profit :ba study of Sir Ralph Sadler, 1507-1547 /c Arthur Joseph Slavin, aCambridge :bUniversity Press,c1966. axvi, 237 p. ;c24 cm. aBibliography: p. 226-230. and Index10aSadler, Ralph,cSir,d1507-1587.97603200aHenrycKing of England,d1491-1547xContemporaries.976033 0aGreat BritainxPolitics and governmenty1509-1547.950273 2ddccBK c24699d24699 00102ddc40728NFICaRUCLbRUCLcReadingd1969-11-18eZeitg30.00l0o942.050924 SLP 1966r2014-03-15 00:00:00tC-1w2014-03-15yBK